<?xml version="1.0" encoding="UTF-8"?>
<record
    xmlns:xsi="http://www.w3.org/2001/XMLSchema-instance"
    xsi:schemaLocation="http://www.loc.gov/MARC21/slim http://www.loc.gov/standards/marcxml/schema/MARC21slim.xsd"
    xmlns="http://www.loc.gov/MARC21/slim">

  <leader>00328nam a22001217a 4500</leader>
  <datafield tag="040" ind1=" " ind2=" ">
    <subfield code="c">SK</subfield>
  </datafield>
  <datafield tag="082" ind1=" " ind2=" ">
    <subfield code="a">333</subfield>
  </datafield>
  <datafield tag="100" ind1=" " ind2=" ">
    <subfield code="a">DEP SINATH; &#x178A;&#x17B7;&#x1794; &#x179F;&#x17CA;&#x17B8;&#x178E;&#x17B6;&#x178F;</subfield>
  </datafield>
  <datafield tag="245" ind1=" " ind2=" ">
    <subfield code="a">Protectio de la nature; &#x1780;&#x17B6;&#x179A;&#x1796;&#x17B6;&#x179A;&#x179F;&#x1798;&#x17D2;&#x1794;&#x178F;&#x17D2;&#x178F;&#x17B7;&#x1792;&#x1798;&#x17D2;&#x1798;&#x1787;&#x17B6;&#x178F;&#x17B7;</subfield>
  </datafield>
  <datafield tag="260" ind1=" " ind2=" ">
    <subfield code="a">RUA</subfield>
    <subfield code="b">DEP </subfield>
    <subfield code="c">1994</subfield>
  </datafield>
  <datafield tag="300" ind1=" " ind2=" ">
    <subfield code="a">44p.</subfield>
  </datafield>
  <datafield tag="942" ind1=" " ind2=" ">
    <subfield code="c">KB</subfield>
  </datafield>
  <datafield tag="999" ind1=" " ind2=" ">
    <subfield code="c">9012</subfield>
    <subfield code="d">9012</subfield>
  </datafield>
  <datafield tag="952" ind1=" " ind2=" ">
    <subfield code="0">0</subfield>
    <subfield code="1">0</subfield>
    <subfield code="4">0</subfield>
    <subfield code="6">333_000000000000000_DEP_1994_C192</subfield>
    <subfield code="7">0</subfield>
    <subfield code="9">50492</subfield>
    <subfield code="a">LBC</subfield>
    <subfield code="b">LBC</subfield>
    <subfield code="c">C192</subfield>
    <subfield code="d">2016-08-23</subfield>
    <subfield code="o">333 DEP 1994 C192</subfield>
    <subfield code="p">  RUA047092</subfield>
    <subfield code="r">2016-08-23</subfield>
    <subfield code="y">KB</subfield>
  </datafield>
  <datafield tag="952" ind1=" " ind2=" ">
    <subfield code="0">0</subfield>
    <subfield code="1">0</subfield>
    <subfield code="4">0</subfield>
    <subfield code="6">333_000000000000000_DEP_1994_C193</subfield>
    <subfield code="7">0</subfield>
    <subfield code="9">51314</subfield>
    <subfield code="a">LBC</subfield>
    <subfield code="b">LBC</subfield>
    <subfield code="c">C080</subfield>
    <subfield code="d">2016-09-01</subfield>
    <subfield code="o">333 DEP 1994 C193</subfield>
    <subfield code="p">RUA043099</subfield>
    <subfield code="r">2016-09-01</subfield>
    <subfield code="y">KB</subfield>
  </datafield>
  <datafield tag="952" ind1=" " ind2=" ">
    <subfield code="0">0</subfield>
    <subfield code="1">0</subfield>
    <subfield code="4">0</subfield>
    <subfield code="6">333_000000000000000_DEP_1994_C193</subfield>
    <subfield code="7">0</subfield>
    <subfield code="9">51315</subfield>
    <subfield code="a">LBC</subfield>
    <subfield code="b">LBC</subfield>
    <subfield code="c">C193</subfield>
    <subfield code="d">2016-09-01</subfield>
    <subfield code="o">333 DEP 1994 C193</subfield>
    <subfield code="p">RUA046603</subfield>
    <subfield code="r">2016-09-01</subfield>
    <subfield code="y">KB</subfield>
  </datafield>
</record>
